最大的相邻地级行政区序列 Largest-Bordering-Prefecture Sequence - Statistics

General Stats
  • This quiz has been taken 154 times
  • The average score is 220 of 391
Answers on the Map
Answers color-coded by a green-red scale on the quiz's map according to % correct below.
 
Answer Stats
行政区 % Correct
巴音郭楞蒙古自治州
100%
那曲市
94%
阿里地区
93%
和田地区
93%
喀什地区
92%
阿克苏地区
92%
克孜勒苏柯尔克孜自治州
90%
伊犁哈萨克自治州
86%
塔城地区
85%
阿勒泰地区
85%
昌吉回族自治州
85%
哈密市
85%
酒泉市
83%
海西蒙古族藏族自治州
83%
玉树藏族自治州
83%
甘孜藏族自治州
83%
昌都市
83%
林芝市
83%
山南市
83%
日喀则市
83%
拉萨市
83%
迪庆藏族自治州
75%
凉山彝族自治州
75%
楚雄彝族自治州
72%
普洱市
72%
红河哈尼族彝族自治州
72%
文山壮族苗族自治州
72%
百色市
71%
河池市
71%
黔东南苗族侗族自治州
71%
遵义市
71%
重庆市
71%
恩施土家族苗族自治州
71%
宜昌市
69%
襄阳市
69%
南阳市
69%
十堰市
69%
安康市
69%
汉中市
69%
陇南市
69%
阿坝藏族羌族自治州
69%
果洛藏族自治州
69%
甘南藏族自治州
69%
定西市
69%
白银市
69%
阿拉善盟
69%
鄂尔多斯市
69%
巴彦淖尔市
69%
包头市
69%
乌兰察布市
69%
锡林郭勒盟
69%
赤峰市
69%
通辽市
69%
兴安盟
69%
呼伦贝尔市
69%
大兴安岭地区
69%
黑河市
69%
齐齐哈尔市
69%
绥化市
69%
哈尔滨市
69%
延边朝鲜族自治州
69%
牡丹江市
69%
鸡西市
69%
双鸭山市
69%
佳木斯市
69%
伊春市
69%
鹤岗市
69%
吉林市
69%
长春市
69%
白城市
69%
四平市
69%
铁岭市
69%
沈阳市
69%
抚顺市
69%
丹东市
69%
大连市
69%
锦州市
69%
朝阳市
69%
承德市
69%
张家口市
69%
保定市
69%
忻州市
69%
榆林市
69%
延安市
69%
庆阳市
69%
吴忠市
69%
中卫市
69%
固原市
69%
平凉市
69%
宝鸡市
69%
天水市
69%
咸阳市
69%
渭南市
69%
松原市
68%
大庆市
68%
通化市
68%
白山市
68%
鞍山市
68%
临汾市
68%
吕梁市
68%
晋中市
68%
石家庄市
68%
邢台市
68%
邯郸市
68%
长治市
68%
晋城市
68%
运城市
68%
洛阳市
68%
三门峡市
68%
商洛市
68%
西安市
68%
七台河市
67%
平顶山市
67%
驻马店市
67%
信阳市
67%
黄冈市
67%
九江市
67%
上饶市
67%
南平市
67%
三明市
67%
赣州市
67%
吉安市
67%
郴州市
67%
永州市
67%
桂林市
67%
怀化市
67%
邵阳市
67%
衡阳市
67%
株洲市
67%
长沙市
67%
宜春市
67%
抚州市
67%
南昌市
67%
鹰潭市
65%
岳阳市
65%
荆州市
65%
常德市
65%
益阳市
65%
娄底市
65%
湘潭市
65%
张家界市
65%
湘西土家族苗族自治州
65%
铜仁市
65%
荆门市
65%
随州市
65%
孝感市
64%
武汉市
64%
咸宁市
64%
黄石市
64%
鄂州市
64%
仙桃市
64%
天门市
64%
潜江市
64%
萍乡市
64%
新余市
64%
柳州市
64%
来宾市
64%
南宁市
64%
崇左市
64%
防城港市
64%
钦州市
64%
湛江市
64%
茂名市
64%
肇庆市
64%
清远市
64%
韶关市
64%
河源市
64%
梅州市
64%
龙岩市
64%
玉林市
63%
梧州市
63%
漳州市
63%
泉州市
63%
福州市
61%
宁德市
61%
丽水市
61%
温州市
61%
台州市
61%
金华市
61%
杭州市
61%
宣城市
61%
黄山市
61%
衢州市
60%
池州市
60%
安庆市
60%
六安市
60%
合肥市
60%
滁州市
60%
淮安市
58%
盐城市
58%
南通市
58%
苏州市
58%
上海市
58%
嘉兴市
58%
宁波市
58%
绍兴市
58%
湖州市
58%
无锡市
58%
泰州市
58%
扬州市
58%
南京市
58%
常州市
58%
镇江市
58%
马鞍山市
58%
芜湖市
58%
铜陵市
58%
连云港市
58%
临沂市
58%
潍坊市
58%
烟台市
58%
青岛市
58%
日照市
57%
威海市
57%
东营市
57%
滨州市
57%
沧州市
57%
天津市
57%
北京市
57%
廊坊市
57%
唐山市
57%
秦皇岛市
57%
葫芦岛市
57%
德州市
57%
济南市
57%
聊城市
57%
泰安市
57%
济宁市
57%
菏泽市
57%
徐州市
57%
宿州市
57%
商丘市
57%
周口市
57%
阜阳市
57%
亳州市
57%
蚌埠市
57%
开封市
57%
新乡市
57%
郑州市
57%
许昌市
57%
漯河市
57%
焦作市
57%
济源市
57%
宿迁市
56%
淮南市
56%
淮北市
56%
安阳市
56%
濮阳市
56%
鹤壁市
56%
枣庄市
56%
淄博市
56%
衡水市
56%
景德镇市
56%
莆田市
56%
厦门市
56%
潮州市
56%
揭阳市
56%
汕尾市
56%
惠州市
56%
广州市
54%
佛山市
54%
江门市
54%
阳江市
53%
中山市
53%
珠海市
53%
澳门特别行政区
53%
东莞市
53%
深圳市
53%
香港特别行政区
53%
汕头市
53%
贺州市
53%
贵港市
53%
北海市
53%
云浮市
51%
阳泉市
50%
太原市
49%
铜川市
49%
银川市
49%
石嘴山市
49%
乌海市
49%
呼和浩特市
47%
朔州市
47%
大同市
47%
阜新市
46%
盘锦市
46%
营口市
46%
辽阳市
46%
本溪市
46%
辽源市
46%
张掖市
44%
海北藏族自治州
44%
海南藏族自治州
44%
黄南藏族自治州
44%
海东市
44%
武威市
44%
兰州市
44%
临夏回族自治州
44%
金昌市
44%
西宁市
44%
嘉峪关市
43%
绵阳市
42%
广元市
42%
南充市
42%
达州市
42%
巴中市
42%
广安市
42%
遂宁市
42%
德阳市
42%
成都市
42%
雅安市
42%
乐山市
42%
宜宾市
42%
昭通市
42%
曲靖市
42%
毕节市
42%
泸州市
42%
内江市
42%
眉山市
42%
资阳市
42%
自贡市
40%
六盘水市
40%
黔西南布依族苗族自治州
40%
黔南布依族苗族自治州
40%
安顺市
40%
贵阳市
40%
昆明市
40%
玉溪市
40%
神农架林区
39%
大理白族自治州
39%
临沧市
39%
保山市
38%
怒江傈僳族自治州
38%
丽江市
38%
攀枝花市
38%
德宏傣族景颇族自治州
38%
西双版纳傣族自治州
38%
吐鲁番市
38%
乌鲁木齐市
38%
五家渠市
36%
博尔塔拉蒙古自治州
35%
新星市
33%
石河子市
33%
北屯市
33%
克拉玛依市
33%
胡杨河市
33%
铁门关市
33%
昆玉市
32%
双河市
31%
可克达拉市
31%
阿拉尔市
31%
图木舒克市
31%
白杨市
29%
花莲县
28%
南投县
28%
台东县
28%
屏东县
28%
台南市
28%
嘉义县
28%
台中市
28%
新北市
28%
高雄市
26%
云林县
26%
彰化县
26%
宜兰县
26%
桃园市
26%
新竹县
26%
新竹市
25%
台北市
25%
嘉义市
25%
儋州市
25%
琼中黎族苗族自治县
25%
三亚市
25%
保亭黎族苗族自治县
25%
五指山市
25%
三沙市
25%
苗栗县
24%
基隆市
24%
白沙黎族自治县
24%
乐东黎族自治县
24%
昌江黎族自治县
24%
文昌市
24%
海口市
24%
舟山市
24%
澎湖县
24%
东方市
22%
陵水黎族自治县
22%
琼海市
22%
澄迈县
22%
临高县
22%
屯昌县
22%
定安县
22%
万宁市
21%
No matching quizzes found
Score Distribution
Percent of People with Each Score
Percentile by Number Answered
Your Score History
You have not taken this quiz